| 000 | 00546nam a2200157Ia 4500 | ||
|---|---|---|---|
| 008 | 191108s9999 xx 000 0 und d | ||
| 020 | _a978-0-273-77620-8 | ||
| 100 | _aSlack, Nigel | ||
| 245 |
_cNigel Slack, Alistair Brandon-Jones, Robert Johnston _aOperations management / |
||
| 250 | _a7th ed. | ||
| 260 |
_aUnited Kingdom: _bPearson Education Ltd. _c2013. |
||
| 300 |
_axxvii,733 pages : _bcolored illustrations _c26 cm. |
||
| 500 | _aIncludes glossary and index. | ||
| 650 | _a Production management. | ||
| 650 | _aOperations management. | ||
| 999 |
_c362565 _d362565 |
||